SAIKOSAPONIN B3 PROTECTS AGAINST MPTP-INDUCED PARKINSON'S DISEASE BY PREVENTING MITOCHONDRIAL OXIDATIVE DAMAGE / (Record no. 525210)
[ view plain ]
| 000 -LEADER | |
|---|---|
| fixed length control field | 00609nam a22001817a 4500 |
| 003 - CONTROL NUMBER IDENTIFIER | |
| control field | NUST |
| 038 ## - RECORD CONTENT LICENSOR | |
| Staff Name | Mr.Zahoor |
| 082 ## - DEWEY DECIMAL CLASSIFICATION NUMBER | |
| Classification number | 610 |
| 100 ## - MAIN ENTRY--PERSONAL NAME | |
| Personal name | Shahzadi,Neelam |
| 9 (RLIN) | 15958 |
| 245 ## - TITLE STATEMENT | |
| Title | SAIKOSAPONIN B3 PROTECTS AGAINST MPTP-INDUCED PARKINSON'S DISEASE BY PREVENTING MITOCHONDRIAL OXIDATIVE DAMAGE / |
| Statement of responsibility, etc. | Neelam Shahzadi |
| 260 ## - PUBLICATION, DISTRIBUTION, ETC. | |
| Place of publication, distribution, etc. | Islamabad : |
| Name of publisher, distributor, etc. | SMME - NUST, |
| Date of publication, distribution, etc. | 2016. |
| 300 ## - PHYSICAL DESCRIPTION | |
| Extent | 57 P. : ill. ; |
| Dimensions | 30cm. |
| 500 ## - GENERAL NOTE | |
| General note | Hardcover, |
| 600 ## - SUBJECT ADDED ENTRY--PERSONAL NAME | |
| Source of heading or term | MS Biomedical Sciences (BMS) |
| 700 ## - ADDED ENTRY--PERSONAL NAME | |
| Relator code | Supervised : Dr. Adeeb Shehzad |
| 856 ## - ELECTRONIC LOCATION AND ACCESS | |
| Uniform Resource Identifier | <a href="http://10.250.8.41:8080/xmlui/handle/123456789/35612">http://10.250.8.41:8080/xmlui/handle/123456789/35612</a> |
| 942 ## - ADDED ENTRY ELEMENTS (KOHA) | |
| Source of classification or shelving scheme | |
| Koha item type | Thesis |
| Withdrawn status | Lost status | Source of classification or shelving scheme | Damaged status | Not for loan | Permanent Location | Current Location | Shelving location | Date acquired | Full call number | Barcode | Date last seen | Price effective from | Koha item type |
|---|---|---|---|---|---|---|---|---|---|---|---|---|---|
| Central Library (CL) | Central Library (CL) | Thesis | 06/28/2019 | 610.28 | CL-T-1879 | 06/30/2019 | 06/28/2019 | Thesis |
